| 000 | 00807pam a2200253 a 4500 | ||
|---|---|---|---|
| 001 | 2994850 | ||
| 005 | 20180207070455.0 | ||
| 008 | 930430s1994 maua b 001 0 eng | ||
| 010 | _a 93001997 | ||
| 020 | _a0201534673 | ||
| 040 |
_aDLC _cDLC _dDLC |
||
| 041 | _aeng | ||
| 080 | _a512.02 FRA | ||
| 082 | 0 | 0 |
_a512.02 FRA _220 |
| 082 | 0 | 0 | _2512.02 FRA |
| 100 | 1 | _a36 | |
| 101 | _aMAT | ||
| 245 | 1 | 2 |
_aA first course in abstract algebra / _cJohn B. Fraleigh ; historical notes by Victor Katz. |
| 504 | _aIncludes bibliographical references (p. 515-517) and index. | ||
| 740 | 0 | _aAbstract algebra. | |
| 906 |
_a7 _bcbc _corignew _d1 _eocip _f19 _gy-gencatlg |
||
| 942 |
_2ddc _cBK |
||
| 999 |
_c42012 _d42012 |
||